000 00514nam a2200193Ia 4500
005 20250508160447.0
008 008 250505s9999 xx 000 0 hin d
037 _aTextual
040 _aFEDL
_beng
_cFEDL
041 _ahin
_2hin
084 _a370, RAO
_qFEDL
100 _aRao V. K. R. V.
245 0 _aShiksha aur jan - sadhan
260 _aDelhi, India
_bNational Publishing House
_c1969
300 _a227p
650 _aEducation
942 _cTEXL
_h370, RAO
999 _c1364734
_d1364734